000 02171cam a2200493Mi 4500
001 76859
005 20230410103855.0
008 040524s2002 enk 000 0 eng d
010 _a 2004478832
035 _a(OCoLC)ocm51646857
040 _aUAB
_cUAB
_dDLC
_dVVC
_dUV$
_dIQU
_dUKM
_dBAKER
_dVRC
_dNLGGC
_dBTCTA
_dYDXCP
015 _aGBA557708
_2bnb
016 7 _a007151855
_2Uk
019 _a51718990
020 _a0863565271
020 _a9780863565274
042 _alccopycat
043 _aa-iq---
_an-us---
050 1 4 _a414 DS 79.76
_bS611t 2002
082 0 0 _a956.70443
049 _aGRAL
100 1 _aSimons, Geoff. L.
_q(Geoffrey Leslie),
_d1939-
245 1 0 _aTargeting Iraq :
_bsanctions and bombing in US policy /
_cGeoff Simons.
260 _aLondon :
_bSaqi Books,
_c2002.
300 _a274 p. ;
_c22 cm.
504 _aIncludes bibliographical references and index.
505 0 _aThe September 11 pretext -- 1.6 million dead and counting -- Blocking essential supplies -- Crucial UN resolutions -- Subverting the United Nations -- The Israel factor -- Towards an Arab consensus? -- The bombing campaign -- Tightening the sanctions -- Compensation or theft?
651 0 _aUnited States
_xForeign relations
_zIraq.
651 0 _aIraq
_xForeign relations
_zUnited States.
600 1 0 _aHussein, Saddam,
_d1937-2006.
650 0 _aTerrorism
_xPrevention.
650 0 _aWar on Terrorism, 2001-2009.
651 0 _aIraq
_xPolitics and government
_y1991-2003.
650 1 7 _aPolitieke conflicten.
_2gtt
650 1 7 _aMilitaire interventie.
_2gtt
650 1 7 _aArabisch-Israèelisch conflict.
_2gtt
776 0 8 _iOnline version:
_aSimons, G. L. (Geoffrey Leslie), 1939-
_tTargeting Iraq.
_dLondon : Saqi Books, 2002
_w(OCoLC)606903548
776 0 8 _iOnline version:
_aSimons, G. L. (Geoffrey Leslie), 1939-
_tTargeting Iraq.
_dLondon : Saqi Books, 2002
_w(OCoLC)609018861
856 4 2 _3Contributor biographical information
_uhttp://www.loc.gov/catdir/enhancements/fy0621/2004478832-b.html
856 4 2 _3Publisher description
_uhttp://www.loc.gov/catdir/enhancements/fy0621/2004478832-d.html
942 _2lcc
_cbk
994 _aC0
_bDRFGD
946 _aAAG
999 _c27524
_d27524